आला पुनर्जन्‍म प्‍लॅचेट (Record no. 25392)

MARC details
000 -LEADER
fixed length control field 00461nam a2200169Ia 4500
008 - FIXED-LENGTH DATA ELEMENTS--GENERAL INFORMATION
fixed length control field 220531s9999 xx 000 0 und d
041 ## - LANGUAGE CODE
Language code of text/sound track or separate title mar
100 ## - MAIN ENTRY--PERSONAL NAME
Personal name र्.
9 (RLIN) 42610
245 ## - TITLE STATEMENT
Title आला पुनर्जन्‍म प्‍लॅचेट
250 ## - EDITION STATEMENT
Edition statement 1ST
260 ## - PUBLICATION, DISTRIBUTION, ETC. (IMPRINT)
Name of publisher, distributor, etc. Maharashtra andhashradha nirmulan
Date of publication, distribution, etc. 1999
300 ## - PHYSICAL DESCRIPTION
Extent 55
542 ## - INFORMATION RELATING TO COPYRIGHT STATUS
Copyright holder 03-08-2000
650 ## - SUBJECT ADDED ENTRY--TOPICAL TERM
Topical term or geographic name as entry element Sociology
9 (RLIN) 42611
906 ## - LOCAL DATA ELEMENT F, LDF (RLIN)
d 2000-2001
f 7758
Holdings
Withdrawn status Lost status Source of classification or shelving scheme Damaged status Not for loan Collection code Home library Current library Date acquired Vendor Cost, normal purchase price Total Checkouts Total Holds Full call number Barcode Date last seen Bill Date Koha item type Original Barcode
    Dewey Decimal Classification       Shri Siddhivinayak Mahila Mahavidyalaya Shri Siddhivinayak Mahila Mahavidyalaya 03/08/2000 Samiti 18.00   1 /-/B/6378 SSMM-BK-6378 06/08/2022 06/08/2022 Books 010006378